| 000 | 01841nam a2200469Ii 4500 | ||
|---|---|---|---|
| 001 | DIGVERBUM0980 | ||
| 003 | NyNyDIG | ||
| 006 | m o d | ||
| 007 | cr ||||||||||| | ||
| 008 | 220223s2019 sp a o 000 1 spa d | ||
| 035 | _a(OCoLC)1319853412 | ||
| 040 |
_aDGITA _beng _erda _epn _cDGITA |
||
| 020 | _z9788490749210 | ||
| 041 | 1 |
_aspa _hfre |
|
| 050 | 1 | 4 | _aPQ6666.E38 ebook |
| 100 | 1 |
_aPeinado Gil, Carlos, _eadapter. |
|
| 245 | 1 | 4 |
_aLos tres mosqueteros / _cguion, Carlos Peinado ; ilustración, Roger Nabarro. |
| 264 | 1 |
_aMadrid : _bEditorial Verbum, _c[2019] |
|
| 300 |
_a1 online resource : _billustrations. |
||
| 336 |
_atext _2rdacontent |
||
| 337 |
_acomputer _bc _2rdamedia |
||
| 338 |
_aonline resource _bcr _2rdacarrier |
||
| 347 |
_atext file _2rdaft |
||
| 347 | _bPDF | ||
| 490 | 1 | _aVerbum Infantil-juvenil | |
| 490 | 1 | _aClásicos en cómic | |
| 588 | 0 | _aOnline resource; title from PDF title page (Digitalia, viewed February 23, 2022) | |
| 650 | 0 |
_aSwordsmen _vComic books, strips, etc. _vJuvenile fiction. |
|
| 650 | 0 |
_aAdventure stories _vComic books, strips, etc. _vJuvenile fiction. |
|
| 655 | 7 |
_aGraphic novels. _2lcgft |
|
| 655 | 7 |
_aAdaptations. _2lcgft |
|
| 655 | 0 | _aElectronic books. | |
| 700 | 1 |
_aNabarro, Roger, _eillustrator. |
|
| 700 | 1 |
_iGraphic novelization of (expression): _aDumas, Alexandre, _d1802-1870. _tTrois mousquetaires. _lSpanish. |
|
| 776 | 0 | 8 |
_iPrint version: _aPeinado Gil, Carlos. _sTrois mousquetaires. Spanish. (Nabarro). _tTres mosqueteros. _dMadrid : Editorial Verbum, [2019] _z9788490749210 |
| 791 | 2 |
_aDigitalia (Firm), _edistributor. |
|
| 793 | 0 |
_gDigitalia eBook Collection: _aVerbum |
|
| 830 | 0 | _aVerbum infantil-juvenil. | |
| 856 | 4 | 0 |
_3Digitalia Hispánica _uhttps://www.digitaliapublishing.com/a/63849/ |
| 910 | _aPremium Collection: 2022 | ||
| 942 | _cRAA | ||
| 999 |
_c259620 _d259620 |
||